000 01197nam0a22002651 4500
001 rc\84387
005 20260623073310.0
010 _9300
035 _a(NLR Aleph) 008753379
090 _a13736853
_c13736853
100 _a20021216d1991 u |0rusy50 ca
101 0 _arus
102 _aLV
105 _ay |||||||||
200 1 _aФонологическая характеристика адъективных флексий и суффиксов современного русского языка
_eУчеб. пособие по спецкурсу для студентов-филологов ДПИ
_fМ-во нар. образования Латв. Республики. Даугавпилс. пед. ин-т. Каф. общ. и рус. языкознания
210 _aДаугавпилс
_cДПИ
_d1991
215 _a19 с.
_d20
606 1 _aРусский язык
_xМорфология
_jРуководства, пособия и т.п.
_2nlr_sh1
700 1 _aПиткевич
_bГ. Н.
_gГалина Николаевна
801 0 _aRU
_bNLR
_gpsbo
801 1 _aRU
_bELAR
_2rusmarc
801 2 _aRU
_bNLR
_c20050421
_2rusmarc
852 _aNLR
_j91-4/854
942 _cBOOK
980 _aNB